000 00862nam a2200265 a 4500
999 _c11035
_d11035
001 11035
003 BD-JhCC
005 20220704134024.0
008 190627b 2014bg a|||| ||a| 000 0 ben d
020 _a9847009602450
035 _a(BD-JhCC)11035
040 _aBD-JhCC
_dBD-JhCC
041 _aben
082 _a611
_bSER 2014
100 _aসেরগেইয়েভ, ব
245 _aশারীরতত্ব-সবাই পড়ো /
_cব.সেরগেইয়েভ ।
260 _aঢাকাঃ
_bতাম্রলিপি;
_c২০১৪.
300 _a২৬৩ পৃঃ . :
_bill;
_c২২ সেমি.
650 _aPhysiology
650 _aBiology
700 _aচট্টোপাধ্যায়, কান্তি(অনু)
700 _aআসিফ(সম্পা)
942 _2ddc
_cBK
_04